000 02900nam0a2200457 4500
001 RU\NLR\BIBL_A\022459185
005 20250609173659.0
010 _a978-8-887199-03-0
_bAcademic Studies Press
010 _a978-5-907767-92-8
_bБиблиороссика
_9150
021 _aRU
_bКН-П-24-083144
_9КН-П-24-8285
035 _a(NLR Aleph) 022459185
090 _a13425927
_c13425927
100 _a20250217d2024 k y0rusy50 ca
101 1 _arus
_ceng
102 _aUS
_aRU
105 _ac z 001yy
181 0 _ai
_bxxxe
182 0 _an
200 1 _aПросветительская роль экрана. Голливуд и культурная реконструкция в побежденной Японии
_fХироси Китамура
_gперевод с английского Анастасии Леон
203 _aТекст
_bвизуальный
_cнепосредственный
210 _aБостон
_cAcademic Studies Press
_aСанкт-Петербург
_cБиблиороссика
_d2024
215 _a372, [1] с.
_cпортр.
_d22
225 1 _aСовременное востоковедение
300 _aПер. изд.: Screening Enlightenment. Hollywood and the Cultural Reconstruction of Defeated Japan / Hiroshi Kitamura. Ithaca / London : Cornell University Press, 2010
320 _aБиблиогр.: с. 330–353 и в подстроч. примеч.
320 _aПредм.-имен. указ.: с. 354–367
320 _aУказ. фильмов: с. 368–372
333 _a12+
454 0 _12001#$aScreening Enlightenment. Hollywood and the Cultural Reconstruction of Defeated Japan$fHiroshi Kitamura
_1210##$aIthaca$aLondon$cCornell University Press$d2010
_1700#1$aKitamura$bH.$cисторик кино$f1971-$gHiroshi$3RU\NLR\AUTH\770280829
_tScreening Enlightenment. Hollywood and the Cultural Reconstruction of Defeated Japan
_aKitamura, Hiroshi (историк кино ; 1971-)
517 1 _aГолливуд и культурная реконструкция в побежденной Японии
601 0 2 _aГолливуд (корпорация)
_cЛос-Анджелес, город; США
_92247472
_3RU\NLR\AUTH\661348267
606 1 _aКиноискусство
_xСвязи
_xКиноискусство
_yСоединенные Штаты Америки
_yЯпония
_92367990
_3RU\NLR\AUTH\6601635530
606 1 _aКиноискусство
_xСвязи
_xКиноискусство
_yЯпония
_yСоединенные Штаты Америки
_92367991
_3RU\NLR\AUTH\6601635531
686 1 _aЩ373(7США)л7
686 1 _aЩ373(7США)6-183
686 1 _aЩ373(5Я)6-183
700 1 _7ca
_8rus
_aКитамура
_bХ.
_cисторик кино
_f1971-
_gХироси
_92652795
_3RU\NLR\AUTH\770280828
942 _cBOOK
980 _aNB